Normal view
MARC view
- عبدالله الثاني ابن الحسين 1999؛ اشراف الشؤون الادارية - الديوان الملكي الهاشمي، جمع وتحرير منتهى قبلان العبداللات؛ متابعة وتنسيق جنان زكي أبو زياد واخرون
Entry Personal Name
001 - CONTROL NUMBER
- control field: 56959
003 - CONTROL NUMBER IDENTIFIER
- control field: JO-AjAnu
005 - DATE AND TIME OF LATEST TRANSACTION
- control field: 20230606083330.0
008 - FIXED-LENGTH DATA ELEMENTS
- fixed length control field: 230606|| aca||aabn | a|a d
040 ## - CATALOGING SOURCE
- Original cataloging agency: JO-AjAnu
- Transcribing agency: JO-AjAnu
100 ## - HEADING--PERSONAL NAME
- Personal name: عبدالله الثاني ابن الحسين 1999؛ اشراف الشؤون الادارية - الديوان الملكي الهاشمي، جمع وتحرير منتهى قبلان العبداللات؛ متابعة وتنسيق جنان زكي أبو زياد واخرون
670 ## - SOURCE DATA FOUND
- Source citation: Work cat.: (JO-AjAnu)29065: عبدالله الثاني ابن الحسين 1999؛ اشراف الشؤون الادارية - الديوان الملكي الهاشمي، جمع وتحرير منتهى قبلان العبداللات؛ متابعة وتنسيق جنان زكي أبو زياد واخرون , author, الخطاب السامي لصاحب الجلالة الهاشمية الملك عبد الله الثاني ابن الحسين المعظم، مج 16